| 000 | 00611nam a2200241Ia 4500 | ||
|---|---|---|---|
| 003 | OSt | ||
| 005 | 20221005130948.0 | ||
| 006 | a|||||r|||| 00| 0 | ||
| 007 | ta | ||
| 008 | 221004b |||||||| |||| 00| 0 mar d | ||
| 024 | _a46032 | ||
| 037 | _cTextual | ||
| 040 |
_aCRL _cCRL _bmar |
||
| 041 |
_2mar _amar |
||
| 082 | _aV2:51, 155N4 | ||
| 100 |
_aPalsikar Suhas Ed. _9638922 |
||
| 245 | 0 | _aSatyagarh samajvad | |
| 260 | _c1994 | ||
| 300 |
_a351p. _ccm. |
||
| 650 |
_aMARATHI LITERATURE _938000 |
||
| 942 |
_hV2:51, 155N4 _cTEXL _2cc |
||
| 999 |
_c1058938 _d1058938 |
||